| 000 | 013240000a22001690004500 | ||
|---|---|---|---|
| 090 | _aT M3662a | ||
| 100 | 1 | _aMartínez Arambula, Ernesto Efren | |
| 245 | 1 | 0 | _aEl arte pictorico agente de la expresión teologica de los Siglos X hasta finales del XVII en Europa / Ernesto Efren Martínez Arambula ; María Isabel Serrano Vargas |
| 260 | _aMedellín : FUSBC | ||
| 300 | _a121 Pág. | ||
| 502 | _aTesis (Licenciatura en Teología Bíblica) - - Fundación Universitaria Seminario Bíblico de Colombia | ||
| 520 | _aTeniendo en cuenta el valor del arte pictórico y su función social, surge una inquietud respecto de su importancia dentro de la experiencia cristiana. Se observa que el uso de este arte plástico no tiene un plano relevante, pues popularmente se concibe la idea que entre el arte pictórico y la teología no existe relación, y si existe, se remite a lo "religioso" que connota "idolatría", o se advierte que el arte pictórico es parte de lo "mundano" y nada tiene que ver con lo espiritual; y la teología nada tiene que ver con un pintor o un artista. | ||
| 650 | 1 | 4 | _aARTE Y RELIGION \ ARTE CRISTIANO \ PINTURA \ PINTURA RELIGIOSA \ REFORMA DE LA IGLESIA - ARTE \ TEOLOGIA \ EDAD MEDIA - EUROPA \ HISTORIA MEDIEVAL - ARTES |
| 700 | 1 | _aSerrano Vargas, Maria Isabel | |
| 001 | 14951 | ||
| 942 | _cBK | ||
| 999 |
_c43767 _d43767 |
||